| 000 | 00804cam a2200265 4500 | ||
|---|---|---|---|
| 008 | 090401t1996 xxu||||| |||| 00| 0 eng d | ||
| 020 | _a8778660459 | ||
| 035 | _a(Sirsi) u78434 | ||
| 041 | _aeng | ||
| 050 | _a333.70285 | ||
| 110 | _aFederation International Des Geometres | ||
| 245 | _aGIS/LIS for sustainable development, GIS/LIS and the future : proceedings of the FIG Commission 3 seminar, Copenhagen, Denmark 28-30 October 1996. | ||
| 260 |
_aCopenhagen, Denmark _bNational Survey and Cadastre _c1996 |
||
| 300 | _a161p. ; 30cm. | ||
| 350 | _a0 | ||
| 650 | _aCADASTRE | ||
| 650 | _aGIS | ||
| 650 | _aGIS | ||
| 650 | _aLAND INFORMATION SYSTEMS | ||
| 650 | _aSUSTAINABLE DEVELOPMENT | ||
| 690 | _aLAND | ||
| 700 |
_aRyttersgaard, Jes _xEditor |
||
| 942 | _n0 | ||
| 948 | _c20/05/1997 | ||
| 999 |
_c96452 _d96452 |
||